| 000 | 00426nam a22001457a 4500 | ||
|---|---|---|---|
| 082 |
_a346.03 _bMAR |
||
| 100 | _aMarsden, Sally | ||
| 245 |
_aContract and Engineering Law: A Guide for Project Managers/ _cSally Marsden and Pauline Makepeace. |
||
| 260 |
_aUnited Kingdom: _bLexisNexis Butterworths, _c2003. |
||
| 300 | _a314p. ; | ||
| 504 | _aAdded Index | ||
| 563 | _aPB | ||
| 650 |
_aLaw _935302 |
||
| 942 |
_2ddc _cBK |
||
| 999 |
_c613184 _d613184 |
||